000
00281nam a22001097a 4500
082
_a
515 REC'M
100
_a
GRAY, P,MACHOL, R.E
_9
77179
245
_a
RECENT DEVELOPMENTS IN INFORMATION AND DECISION PROCESSES
260
_a
NEWYORK
_b
MACMILLAN
_c
1962
300
_a
197P
942
_c
BK
999
_c
582494
_d
582494